| 000 | 00413cam a2200169ua 4500 | ||
|---|---|---|---|
| 020 | _c1.80 | ||
| 041 |
_amal _h |
||
| 082 |
_a894.812301 _bRAP/KO |
||
| 100 | _aRafi, Ponnikkara . | ||
| 245 |
_aKochurasi / _cPonnikkara Rafi. _hTextual Documents |
||
| 260 |
_aErnamkulam : _bKattookaran book stall , _c1951. |
||
| 300 | _a147 ; . | ||
| 365 | _a1.80 | ||
| 504 | _a | ||
| 942 | _cBK | ||
| 999 |
_c11372 _d11372 |
||